000 00303nam a22001337a 4500
008 181029b xxu||||| |||| 00| 0 eng d
020 _a9780312666910
041 _aeng
080 _29th
_a940
100 _a16
101 _aSHH
245 _aA History of World Societies
_cMcKay,J.P
942 _2udc
_cBK
999 _c50963
_d50963